=LDR 00000nam 2200000 4500 =001 INLIS000000000003723 =005 20130612092027 =008 ***********************************Ind** =035 ##$$0010-061300000003723 =041 ##$$a Ind =082 ##$$a 611 =090 ##$$a 611, Sue a =100 ##$$a Suell, Richard S =245 ##$$a Anatomi klinik untuk mahasiswa (clinical anatomyfor medical students0, Richard S.; alih bahasa, Muh. Adji Dharma =260 ##$$a 1992 $b Jakarta =300 ##$$a 338 hlm., ilus., 25 cm =650 ##$$a Anatomi manusia =700 ##$$a Dharma, Muh. Aji =850 ##$$a NBPNMAT